000 00394nam a2200145 i 4500
001 bg
100 1 _aSIKORA, Ryszard
245 0 _aĆwiczenia laboratoryjne z elektrotechniki teoretycznej /
_cRyszard Sikora, Wojciech Lipiński.
260 _aSzczecin,
_c1977.
700 1 _aLIPIŃSKI, Wojciech
040 _cBPK
041 _apol
942 _cKS
008 s pl f |000 0 pol
999 _c17611
_d17611
856 _uhttp://koha.tu.koszalin.pl/cgi-bin/koha/opac-detail.pl?biblionumber=17611
_yKatalog online BPK